| 000 | 00456nam a2200157Ia 4500 | ||
|---|---|---|---|
| 999 |
_c18757 _d18757 |
||
| 003 | OSt | ||
| 005 | 20200624104916.0 | ||
| 008 | 190216s9999||||xx |||||||||||||| ||und|| | ||
| 040 | _coclc | ||
| 082 |
_a954.03 _bAZI/B |
||
| 100 |
_aAziz, K K _93078 |
||
| 245 | 0 |
_aBritain And Muslim India / _cK K Aziz |
|
| 260 |
_bHeinemann Educational Books Ltd, _c1963. _aLondon: |
||
| 300 | _a278p | ||
| 942 |
_cBK _2ddc _h954.03 _iAZI/B _k954.03 _mAZI/B |
||